Forbes 10 Richest People in the World by Net Worth - Statistics

General Stats
  • This quiz has been taken 48 times
  • The average score is 4 of 10
Answer Stats
Net Worth Rank Answer % Correct
$114 Billion 1 Jeff Bezos
96%
$106 Billion 2 Bill Gates
87%
$80.8 Billion 3 Warren Buffett
66%
$69.6 Billion 4 Mark Zuckerberg
62%
$55.5 Billion 6 Larry Page
32%
$65 Billion 5 Larry Ellison
30%
$53.5 Billion 7 Sergey Brin
26%
$53.4 Billion 8 Michael Bloomberg
23%
$51.7 Billion 9 Steve Ballmer
4%
$51.6 Billion 10 Jim Walton
2%
No matching quizzes found
Score Distribution
Percent of People with Each Score
Percentile by Number Answered
Your Score History
You have not taken this quiz